[Event "AUTO-OPEN-914"]
[Site "http://www.queenalice.com/game.php?id=359614"]
[Date "2008.2.23"]
[Round "2"]
[White "MGimenes"]
[Black "ciccioscacchi"]
[Result "1/2-1/2"]
[WhiteElo "1942"]
[BlackElo "1974"]

1. d4 Nf6 2. c4 g6 3. Nc3 Bg7 4. g3 O-O 5. Bg2 d6 6. Bg5 Nbd7 7. Qd2 Nb6 8. b3
c5 9. d5 Bf5 10. h4 h5 11. Nf3 Ne4 12. Nxe4 Bxe4 13. Rc1 Qd7 14. Qe3 Bxf3 15.
Bxf3 Rfe8 16. Bh6 Qf5 1/2-1/2

[Event "AUTO-ADV-723"]
[Site "http://www.queenalice.com/game.php?id=370810"]
[Date "2008.3.14"]
[Round "2"]
[White "Indefinable"]
[Black "ciccioscacchi"]
[Result "0-1"]
[WhiteElo "1916"]
[BlackElo "1967"]

1. e4 c6 2. e5 d5 3. f4 e6 4. Nf3 Nh6 5. Be2 Nf5 6. O-O Bc5+ 7. d4 Bb6 8. c3 O-O
9. Nbd2 Ne3 10. Qb3 Nxf1 11. Kxf1 Qc7 12. Ng5 c5 13. Ndf3 cxd4 14. Nxd4 Nc6 15.
Be3 Nxd4 16. cxd4 h6 17. Rc1 Qe7 18. Nf3 Bd7 19. Bd2 Rac8 20. Bc3 Ba5 21. Qxb7
Bxc3 22. bxc3 Qa3 23. Re1 Bc6 24. Qb3 Qxb3 25. axb3 Rb8 26. b4 Bb5 27. Ra1 Bxe2+
28. Kxe2 Rfc8 29. Kd3 Rc7 30. Nd2 Rbc8 31. Nb1 Ra8 32. Na3 a5 33. Nb5 Rcc8 34.
bxa5 Rcb8 35. Nd6 Rb2 36. a6 Rxg2 37. a7 Rxh2 38. Ra6 Rb2 39. Ra5 h5 40. Nb5
Rxb5 41. Rxb5 Rxa7 42. f5 h4 43. fxe6 fxe6 44. Ke2 g5 45. Kf3 Ra1 46. Kg4 Rg1+
47. Kh5 h3 48. Kg6 Kf8 49. Kf6 Rf1+ 50. Kxg5 h2 51. Rb8+ Ke7 0-1

[Event "AUTO-ADV-723"]
[Site "http://www.queenalice.com/game.php?id=370811"]
[Date "2008.3.14"]
[Round "2"]
[White "ciccioscacchi"]
[Black "Indefinable"]
[Result "1-0"]
[WhiteElo "1972"]
[BlackElo "1930"]

1. c4 c5 2. d4 cxd4 3. Qxd4 Nc6 4. Qd3 Nf6 5. e4 e5 6. Nc3 Bb4 7. Bd2 Nd4 8. Nf3
Nxf3+ 9. Qxf3 d6 10. Be2 Qa5 11. O-O Bg4 12. Qd3 Bxe2 13. Qxe2 Rc8 14. Rfc1 O-O
15. Be1 Qa6 16. b3 Ba3 17. Rc2 Qc6 18. Nb5 Bc5 19. b4 Bd4 20. Nxd4 exd4 21. Rd1
Qxe4 22. Qxe4 Nxe4 23. Rxd4 Rfe8 24. Re2 Nf6 25. Rxe8+ Rxe8 26. Kf1 Re6 27. c5
d5 28. Bc3 h6 29. Rd3 Ne4 30. Bb2 a5 31. a3 axb4 32. axb4 Ra6 33. f3 Ra2 34.
fxe4 Rxb2 35. exd5 Ra2 36. d6 Ra8 37. d7 Rd8 38. b5 1-0

[Event "AUTO-ADV-723"]
[Site "http://www.queenalice.com/game.php?id=370812"]
[Date "2008.3.14"]
[Round "2"]
[White "ambaradann"]
[Black "ciccioscacchi"]
[Result "1-0"]
[WhiteElo "1911"]
[BlackElo "1986"]

1. e4 c6 2. d4 d5 3. Nc3 g6 4. Nf3 Bg7 5. Be3 dxe4 6. Nxe4 Nf6 7. Nxf6+ Bxf6 8.
c3 O-O 9. h4 Bg4 10. Be2 e6 11. Ne5 Bxe2 12. Qxe2 Qd5 13. Qf3 Bxe5 14. Qxd5 cxd5
15. dxe5 Nc6 16. f4 Na5 17. b3 Rfc8 18. Kd2 h5 19. Rag1 b6 20. g4 hxg4 21. Rxg4
Kf8 22. h5 gxh5 23. Rxh5 Ke7 24. f5 Rh8 25. Rgh4 Rxh5 26. Rxh5 Nc6 27. f6+ Kd7
28. Bf4 Rf8 29. Rh7 Ke8 30. Kd3 b5 31. c4 dxc4+ 32. bxc4 bxc4+ 33. Kxc4 Nd8 34.
Kb5 Rg8 35. Kc5 Rg4 36. Kd6 1-0

[Event "AUTO-ADV-723"]
[Site "http://www.queenalice.com/game.php?id=370813"]
[Date "2008.3.14"]
[Round "2"]
[White "ciccioscacchi"]
[Black "ambaradann"]
[Result "1-0"]
[WhiteElo "1981"]
[BlackElo "1950"]

1. e4 e5 2. Nf3 Nf6 3. Nxe5 d6 4. Nf3 Nxe4 5. Qe2 Qe7 6. d3 Nf6 7. Nc3 Bg4 8.
Qxe7+ Bxe7 9. Be2 Nbd7 10. h3 Bh5 11. g4 Bg6 12. Nh4 Ne5 13. f4 Nc6 14. f5 Nd7
15. Nf3 Nce5 16. fxg6 Nxf3+ 17. Bxf3 c6 18. gxf7+ Kxf7 19. O-O Ke8 20. Bf4 Nf6
21. Rae1 Kd7 22. g5 Ng8 23. Bg4+ Kc7 24. Be6 Re8 25. Bf7 Kd7 26. Bxe8+ Kxe8 27.
Bxd6 h6 28. Bxe7 Nxe7 29. g6 Rf8 30. Rxf8+ Kxf8 31. Rxe7 Kxe7 32. Ne4 Ke6 33.
Kf2 b6 34. Kf3 Kf5 35. h4 Kxg6 36. Kg4 h5+ 37. Kf4 Kf7 38. d4 Ke6 39. c4 a5 40.
Kg5 b5 41. b3 a4 42. Kxh5 bxc4 43. bxc4 Kf5 44. d5 1-0

[Event "mauricio_sm"]
[Site "http://www.queenalice.com/game.php?id=374452"]
[Date "2008.3.20"]
[Round "2"]
[White "ciccioscacchi"]
[Black "Rutty"]
[Result "1-0"]
[WhiteElo "1952"]
[BlackElo "2049"]

1. e4 c5 2. Nf3 Nc6 3. d4 cxd4 4. Nxd4 d6 5. Bb5 Bd7 6. Nxc6 bxc6 7. Bc4 e6 8.
O-O d5 9. exd5 cxd5 10. Bb3 Nf6 11. Re1 Be7 12. Nc3 O-O 13. Bg5 h6 14. Bf4 Bc6
15. Qd4 Qd7 16. Rad1 a5 17. a4 Qb7 18. Qd3 Bb4 19. Qg3 Nh5 20. Qg4 Nxf4 21. Qxf4
Bxc3 22. bxc3 Rfc8 23. Re3 d4 24. cxd4 Bxg2 25. Rg3 Be4 26. Qxh6 Bg6 27. Rxg6
fxg6 28. Bxe6+ Kf8 29. Qh8+ Ke7 30. Qxg7+ 1-0

[Event "Ciccio-Elvio"]
[Site "http://www.queenalice.com/game.php?id=388112"]
[Date "2008.4.15"]
[Round "-"]
[White "ciccioscacchi"]
[Black "tche_elvio"]
[Result "1-0"]
[WhiteElo "1966"]
[BlackElo "1608"]

1. e4 e5 2. Nf3 Nf6 3. Nxe5 Qe7 4. d4 Nxe4 5. Qe2 Qb4+ 6. Bd2 Qxd4 7. Nf3 Qd5 8.
Nc3 Qe6 9. Nxe4 d5 10. Neg5 Qxe2+ 11. Bxe2 Be7 12. c4 dxc4 13. Bxc4 Bxg5 14.
Bxg5 Nc6 15. Rd1 Bd7 16. Bxf7+ Kxf7 17. Rxd7+ Kg6 18. Rxc7 Rhe8+ 19. Kd2 Ne5 20.
Nxe5+ Rxe5 21. Be3 b5 22. Rxa7 Rd5+ 23. Kc3 Rc8+ 24. Kb3 Rd3+ 25. Kb4 h5 26.
Kxb5 Rd5+ 27. Kb6 Rc2 28. b4 Rd6+ 29. Kb5 Rd5+ 30. Bc5 Re2 31. Kc4 Rdd2 32. Ra6+
Kf5 33. Rb1 Rc2+ 34. Kb3 g5 35. Bd4 Ke4 36. Rb2 Rxb2+ 37. Bxb2 Rxf2 38. Re6+ Kf5
39. Rf6+ Kg4 40. Rxf2 1-0

[Event "Elvio-Ciccio"]
[Site "http://www.queenalice.com/game.php?id=388113"]
[Date "2008.4.15"]
[Round "-"]
[White "tche_elvio"]
[Black "ciccioscacchi"]
[Result "1-0"]
[WhiteElo "1597"]
[BlackElo "1996"]

1. e4 c5 2. Nf3 Nc6 3. d4 cxd4 4. Nxd4 e5 5. Nxc6 dxc6 6. Be2 Bb4+ 7. Bd2 Bxd2+
8. Qxd2 Nf6 9. Qxd8+ Kxd8 10. O-O Nxe4 11. Bd3 Bf5 12. Re1 Kc7 13. Bxe4 Bxe4 14.
Rxe4 Rad8 15. Nc3 Rd2 16. Rxe5 Rhd8 17. Re7+ R8d7 18. Rxd7+ Kxd7 19. Rd1 Rxd1+
20. Nxd1 b5 21. b4 1-0

[Event "AUTO-ADV-750"]
[Site "http://www.queenalice.com/game.php?id=399690"]
[Date "2008.5.8"]
[Round "2"]
[White "ciccioscacchi"]
[Black "Bebeto"]
[Result "0-1"]
[WhiteElo "1974"]
[BlackElo "2202"]

1. e4 e5 2. Nf3 Nc6 3. Bb5 a6 4. Bxc6 dxc6 5. Nc3 Bd6 6. d4 Bg4 7. dxe5 Bxf3 8.
Qxf3 Bxe5 9. O-O Qh4 10. g3 Qf6 11. Qxf6 Nxf6 12. Bd2 O-O 13. Rfe1 Rfe8 14. f3
Rad8 0-1

[Event "AUTO-ADV-750"]
[Site "http://www.queenalice.com/game.php?id=399691"]
[Date "2008.5.8"]
[Round "2"]
[White "Bebeto"]
[Black "ciccioscacchi"]
[Result "1-0"]
[WhiteElo "2207"]
[BlackElo "1967"]

1. e4 e5 2. Nf3 Nc6 3. Bb5 a6 4. Ba4 Nf6 5. O-O b5 6. Bb3 Be7 7. d3 O-O 8. Nc3
Bb7 9. Bd2 d6 10. a4 b4 11. Nd5 a5 12. c3 1-0

[Event "mauricio_sm"]
[Site "http://www.queenalice.com/game.php?id=411514"]
[Date "2008.6.1"]
[Round "3"]
[White "anax"]
[Black "ciccioscacchi"]
[Result "1-0"]
[WhiteElo "1746"]
[BlackElo "1961"]

1. d4 Nf6 2. e3 g6 3. Nf3 Bg7 4. Nc3 O-O 5. h3 d5 6. Bd3 Nbd7 7. Bd2 c5 8. b3
cxd4 9. Nxd4 e5 10. Nde2 e4 11. Bb5 1-0